000 00804cam a2200289 i 4500
001 7007
003 FISKH
005 20250617104500.0
008 790427s1979 nyua j 000 0 eng
010 _a 78020716
020 _a0394842553
020 _a0394942558 (lib. bdg.)
040 _aDLC
_cDLC
_dDLC
_beng
050 _aPN6371.S44
082 _a428.1
100 1 _aSeuss,
_cDr.
245 1 0 _aOh say can you say? /
_cBy Dr. Seuss.
260 _aNew York :
_bBeginner Books,
_c1979.
300 _a40 unnumbered pages :
_bcolor illustrations ;
_c24 cm
505 _aNP
520 _aA collection of nonsensical tongue twisters.
650 0 _aTongue twisters.
650 1 _aTongue twisters.
906 _a7
_bcbc
_corignew
_d1
_eocip
_f19
_gy-gencatlg
942 _2ddc
_cBK
_n0
999 _c7007
_d7007